000 00473nam a2200109 4500
999 _c10765
_d10765
003 OSt
005 20220707142010.0
008 220707b ||||| |||| 00| 0 eng d
245 _a2010-2011 ನೇ ಸಾಲಿನ ದರ ಪಟ್ಟಿ ಲೋಕೋಪಯೋಗಿ ಬಂದರು ಮತ್ತು ಒಳನಾಡು ಜಲ ಸಾರಿಗೆ ಇಲಾಖೆ ಬೆಂಗಳೂರು ವೃತ್ತ
260 _aBengaluru circle
_bShedule of rates PWP and IWID
942 _2ddc